| 000 | 00506nam a2200205Ia 4500 | ||
|---|---|---|---|
| 005 | 20240823034840.0 | ||
| 008 | 240823s9999||||xx |||||||||||||| ||und|| | ||
| 020 | _a978-0-19-9567-15-7 | ||
| 041 | _aENGLISH | ||
| 082 | _A809.1 Q2 | ||
| 100 | _aDaniel Freeman | ||
| 245 | 0 | _aAnxiety A Very Short Introduction | |
| 250 | _a1st | ||
| 260 |
_c2012 _b"Oxford IBH ,New " |
||
| 500 | _aYES | ||
| 650 |
_aIntroduction to Catering _bGeneral |
||
| 700 | _a Jason Freeman | ||
| 942 | _cBK | ||
| 999 |
_c199272 _d199272 |
||